=LDR 00000nam 2200000 4500 =001 INLIS000000000009619 =005 20200721104545 =035 ##$$a 0010-061300000009619 =008 200721################g##########0#ind## =041 ##$$a Ind =082 ##$$a 2x6.13 =090 ##$$a 2x6.13, bou d =100 ##$$a Boullata, Issa =245 1#$$a Dekontruksi tradisi : $b Gelegar pemikiran arab islam /$c Issa J.Boullata =260 ##$$a Yogyakarta :$b LKis,$c 2001 =300 ##$$a xii, 253 hlm, ; $c 21 x 14 cm. =650 #4$$a Islam dan Modernisasi =850 ##$$a NBPNMAT =020 ##$$a 979-8966-35-1 =084 ##$$a 2x6.13 BOU d =990 ##$$a 170.557/Pro-2002 =990 ##$$a 170.558/Pro-2002